LEADER 00748nam0-2200229 --450 001 9910594570303321 005 20221013180312.0 100 $a20221013d1957----kmuy0itay5050 ba 101 0 $aeng 102 $aUS 105 $a 001yy 200 1 $a<>rise and fall of civilization$ean inquiry into the relationship between economic, development and civilization$fby Shepard B. Clough 210 $aNew York$cColumbia university press$d1957 215 $aXI, 291 p.$d21 cm 700 1$aClough,$bShepard B.$f<1901-1990>$033442 801 0$aIT$bUNINA$gREICAT$2UNIMARC 901 $aBK 912 $a9910594570303321 952 $a5/IX H 55$bbibl.31241$fFLFBC 959 $aFLFBC 996 $aRise and fall of civilization$948275 997 $aUNINA LEADER 02026oam 2200469M 450 001 9910716224503321 005 20200213070525.6 035 $a(CKB)5470000002519883 035 $a(OCoLC)1065821836 035 $a(OCoLC)995470000002519883 035 $a(EXLCZ)995470000002519883 100 $a20071213d1926 ua 0 101 0 $aeng 135 $aurcn||||||||| 181 $ctxt$2rdacontent 182 $cc$2rdamedia 183 $acr$2rdacarrier 200 10$a"Widening of First Street between G and Myrtle Streets NE., in the District of Columbia, and for Other Purposes." February 1 (calendar day, February 8), 1926. -- Ordered to be printed 210 1$a[Washington, D.C.] :$c[U.S. Government Printing Office],$d1926. 215 $a1 online resource (3 pages) 225 1 $aSenate report / 69th Congress, 1st session. Senate ;$vno. 151 225 1 $a[United States congressional serial set ] ;$v[serial no. 8524] 300 $a(67) H.R. 5018, Act To Authorize the Widening of First Street Northeast, and for Other Purposes, p. 3. 300 $aBatch processed record: Metadata reviewed, not verified. Some fields updated by batch processes. 300 $aFDLP item number not assigned. 517 $a"Widening of First Street between G and Myrtle Streets NE., in the District of Columbia, and for Other Purposes." February 1 606 $aEminent domain 606 $aRoads$xDesign and construction 606 $aStreets 608 $aLegislative materials.$2lcgft 615 0$aEminent domain. 615 0$aRoads$xDesign and construction. 615 0$aStreets. 701 $aCapper$b Arthur$f1865-1951$pRepublican (KS)$01386839 801 0$bWYU 801 1$bWYU 801 2$bOCLCO 801 2$bOCLCQ 906 $aBOOK 912 $a9910716224503321 996 $a"Widening of First Street between G and Myrtle Streets NE., in the District of Columbia, and for Other Purposes." February 1 (calendar day, February 8), 1926. -- Ordered to be printed$93439004 997 $aUNINA